00469nam a2200109Ia 4500008004100000020002200041041001200063100004200075245001900117260004000136650018300176231221s9999 xx 000 0 und d a978-0-8176-4435-2 aEnglish aPanos J. Antsaklis, Anthony N. Michel 0aLinear Systems c2006bBirkhàˆuser BostonaNew York aSystems Theory, Control; Computational Science and Engineering; Appl.Mathematics/Computational Methods of Engineering; Vibration, Dynamical Systems, Control; Circuits and Systems